[Event "AUTO-INT-391"]
[Site "http://www.queenalice.com/game.php?id=186708"]
[Date "2007.3.23"]
[Round "1"]
[White "pollo"]
[Black "paku"]
[Result "1-0"]
[WhiteElo "1339"]
[BlackElo "1381"]

1. e4 e5 2. Nf3 Nc6 3. Bb5 Nf6 4. Bxc6 bxc6 5. Nxe5 Qe7 6. d4 Nxe4 7. O-O c5 8.
Re1 Qf6 9. f3 Ng5 10. Ng4+ Qe7 11. Rxe7+ Bxe7 12. Qe1 O-O 13. Qxe7 Ba6 14. Qxg5
h6 15. Nxh6+ Kh7 16. Qf5+ g6 17. Qf6 Rfe8 18. Qxf7+ Kh8 19. f4 Re1+ 20. Kf2 Re2+
21. Kg3 Rae8 22. Qf6+ Kh7 23. h4 Kxh6 24. f5+ Kh5 25. Qxg6# 1-0

[Event "AUTO-INT-391"]
[Site "http://www.queenalice.com/game.php?id=186709"]
[Date "2007.3.23"]
[Round "1"]
[White "paku"]
[Black "marinhoxadrez"]
[Result "0-1"]
[WhiteElo "1463"]
[BlackElo "1761"]

1. e4 e5 2. Nf3 Nc6 3. d4 exd4 4. Nxd4 Nf6 5. Nc3 Bb4 6. Bd2 Nxd4 7. Nd5 Nxd5 8.
exd5 Qe7+ 9. Be2 Bxd2+ 10. Qxd2 Nxe2 11. Qxe2 Qxe2+ 12. Kxe2 d6 13. Rhe1 O-O 14.
Kf1 Bf5 15. Re7 Bxc2 16. Rxc7 Bd3+ 17. Kg1 Be4 18. Rxb7 Bxd5 19. Rd7 Rfd8 20.
Re7 Be6 21. Rc7 a5 22. Rac1 Rac8 23. R7c6 Rxc6 24. Rxc6 Rc8 25. Rxc8+ Bxc8 26.
a3 a4 27. b4 axb3 0-1

[Event "AUTO-INT-391"]
[Site "http://www.queenalice.com/game.php?id=186710"]
[Date "2007.3.23"]
[Round "1"]
[White "marinhoxadrez"]
[Black "paku"]
[Result "1-0"]
[WhiteElo "1773"]
[BlackElo "1459"]

1. e4 e5 2. Nf3 Nc6 3. Bb5 Nd4 4. Nxd4 c6 5. Nxc6 bxc6 6. Bc4 d5 7. exd5 cxd5 8.
Bb5+ Bd7 9. Qe2 Ne7 10. Bxd7+ Qxd7 11. Qxe5 Qc6 12. Nc3 d4 13. Ne4 Qe6 14. Qxe6
fxe6 15. d3 Nd5 16. O-O Be7 17. Re1 Nb4 18. Re2 Kf7 19. a3 Nd5 20. Ng5+ Bxg5 21.
Bxg5 Rhe8 22. Rae1 Rac8 23. f4 Ne3 24. Bh4 Nxc2 25. Rc1 Kf8 26. Rexc2 Rb8 27.
Bf2 e5 28. fxe5 Rb3 29. Bxd4 Rxd3 30. Bc5+ Kf7 31. Bd6 1-0

[Event "Challenge"]
[Site "http://www.queenalice.com/game.php?id=189036"]
[Date "2007.3.28"]
[Round "-"]
[White "tonio6291"]
[Black "paku"]
[Result "0-1"]
[WhiteElo "1070"]
[BlackElo "1346"]

1. b3 e5 2. d4 exd4 3. Qxd4 Nc6 4. Qe4+ Nge7 5. Bg5 d5 6. Qa4 Bd7 7. Nc3 Nd4 8.
Rd1 Bxa4 9. bxa4 Nxc2+ 10. Kd2 Na3 11. Kc1 Qd6 12. e3 Qe5 13. Nge2 Qxg5 14. Rxd5
Nxd5 15. h4 Qe5 16. e4 Nxc3 17. Rh3 Nab1 18. Rxc3 Nxc3 19. f4 Qxe4 20. Nxc3
Qxf4+ 21. Kb1 Qxf1+ 22. Kb2 O-O-O 23. a5 Qxg2+ 24. Kb3 Rd3 25. Kc4 Qc2 26. Kb5
Qxc3 27. h5 Qc5+ 28. Ka4 Rc3 29. a6 Qb4# 0-1

[Event "Challenge"]
[Site "http://www.queenalice.com/game.php?id=189451"]
[Date "2007.3.29"]
[Round "-"]
[White "jdmacguffin"]
[Black "paku"]
[Result "1-0"]
[WhiteElo "1565"]
[BlackElo "1358"]

1. e4 e5 2. Nf3 Nc6 3. d4 exd4 4. Nxd4 Nxd4 5. Qxd4 c5 6. Qd1 d6 7. Bc4 Nf6 8.
c3 Nxe4 9. Qe2 d5 10. Bd3 Bf5 11. Nd2 Qh4 12. O-O c4 13. Bxe4 dxe4 14. Re1 Bc5
15. Nxc4 O-O 16. Be3 Bg4 17. f3 Bxe3+ 18. Nxe3 Be6 19. a3 Rad8 20. Rad1 Rd3 21.
g3 exf3 22. Qxd3 Qf6 23. Kf2 Rd8 24. Qxd8+ Qxd8 25. Rxd8# 1-0

[Event "Challenge"]
[Site "http://www.queenalice.com/game.php?id=191372"]
[Date "2007.4.3"]
[Round "-"]
[White "paku"]
[Black "jdmacguffin"]
[Result "0-1"]
[WhiteElo "1342"]
[BlackElo "1585"]

1. e4 c5 2. d3 g6 3. Nf3 Nc6 4. Ng5 Ne5 5. Bf4 Bg7 6. Nf3 d6 7. d4 cxd4 8. Nxd4
Nc6 9. Nxc6 bxc6 10. Be2 Bxb2 11. Nc3 Bxc3+ 12. Bd2 Bxa1 13. Qxa1 Nf6 14. Qc3
O-O 15. Qxc6 Bd7 16. Qc3 Nxe4 17. Qe3 Nxd2 18. Qxd2 Rb8 19. O-O Rb2 20. Qh6 Qb8
21. g3 Bc6 22. Qe3 Qb7 23. Qc1 Bh1 24. Bh5 Qg2# 0-1

[Event "Challenge"]
[Site "http://www.queenalice.com/game.php?id=193245"]
[Date "2007.4.7"]
[Round "-"]
[White "Leofelix"]
[Black "paku"]
[Result "1-0"]
[WhiteElo "1216"]
[BlackElo "1465"]

1. e4 e5 2. Qf3 Nf6 3. Bc4 d5 4. exd5 c6 5. dxc6 bxc6 6. Nh3 Ba6 7. Bxa6 Nxa6 8.
Qxc6+ Nd7 9. Qxa6 Qc8 10. Qd3 Nc5 11. Qb5+ Nd7 12. Qd5 Qxc2 13. Qxa8+ Ke7 14.
O-O Qc7 15. Qf3 Nf6 16. Re1 Nd7 17. Nf4 Kd8 18. Nd5 Qc5 19. b4 Qd4 20. Nbc3 Bd6
21. Re4 1-0

[Event "AUTO-INT-407"]
[Site "http://www.queenalice.com/game.php?id=193524"]
[Date "2007.4.7"]
[Round "1"]
[White "Francisco_Ferraz"]
[Black "paku"]
[Result "0-1"]
[WhiteElo "1572"]
[BlackElo "1334"]

1. d4 Nf6 2. Nf3 d5 3. c4 dxc4 4. Nc3 Nc6 5. e4 e5 6. d5 Nxe4 7. Nxe4 Bb4+ 8.
Bd2 Qxd5 9. Bxb4 Qxe4+ 10. Qe2 Qxe2+ 11. Bxe2 Nxb4 12. O-O e4 13. Nd4 O-O 14.
Bxc4 Nd3 15. Bxd3 Bf5 16. Nxf5 exd3 17. Rad1 Rad8 18. Rd2 g6 19. Nh6+ Kg7 20.
Ng4 Rfe8 21. Rfd1 Re2 22. Rxd3 Rxd3 23. Kf1 Red2 24. Rxd2 Rxd2 25. g3 Rxb2 26.
a4 a5 27. Ne3 b5 28. axb5 Rxb5 29. Ke1 a4 30. Kd1 c5 31. Kd2 a3 32. Kc1 a2 33.
Nc2 Ra5 34. Kb2 c4 35. Ka1 Rd5 36. Kxa2 Rd2 37. Kb2 Rxf2 38. h4 f5 39. Kc3 Rg2
40. Nd4 Rxg3+ 41. Kxc4 f4 42. Ne2 Rg4 43. Kd4 f3+ 44. Ke3 fxe2 45. Kxe2 Rxh4 46.
Kf3 h5 47. Kg3 g5 48. Kg2 Kf6 49. Kf3 Rg4 50. Kf2 h4 51. Kf3 Kf5 52. Ke3 h3 53.
Kf3 h2 54. Kf2 h1=Q 55. Ke2 Rg3 56. Kd2 Qg2+ 0-1

[Event "AUTO-INT-407"]
[Site "http://www.queenalice.com/game.php?id=193525"]
[Date "2007.4.7"]
[Round "1"]
[White "paku"]
[Black "Francisco_Ferraz"]
[Result "1/2-1/2"]
[WhiteElo "1323"]
[BlackElo "1597"]

1. e4 c5 2. b3 d5 3. exd5 Nf6 4. Nc3 a6 5. Bb2 e5 6. Nf3 Bd6 7. Ne4 Nxe4 8. Nxe5
f6 9. Nc4 Be5 10. Bxe5 fxe5 11. Nxe5 O-O 12. Qe2 Qxd5 13. Ng6 hxg6 14. c4 Qd4
15. Rd1 Bf5 16. d3 Nc3 17. Qf3 Nxd1 18. Qxd1 Nc6 19. Be2 Rfe8 20. O-O Re7 21.
Qe1 Rae8 22. g3 Rxe2 23. Qd1 Bxd3 24. Qa1 Qxa1 25. Rxa1 Re1+ 26. Rxe1 Rxe1+ 27.
Kg2 Ne5 28. Kh3 Bf5+ 29. g4 Nxg4 30. f3 Re3 31. Kg3 Ne5 32. Kf4 Re2 33. h4 Nd3+
34. Kg3 Nc1 35. a4 Nxb3 36. a5 Be6 37. Kf4 Bxc4 38. Kg5 Rg2+ 39. Kf4 Kf7 40. Ke4
Kf6 41. Kf4 Nxa5 42. Ke4 g5 43. hxg5+ Rxg5 44. f4 Rg4 45. Kf3 Kf5 46. Ke3 Rxf4
47. Kd2 Rf3 48. Ke1 Ke4 49. Kd2 Nb3+ 50. Kc2 Rd3 51. Kb2 Nd4 52. Kc1 Ba2 53. Kb2
Rd2+ 54. Kc3 Ke3 1/2-1/2

[Event "AUTO-INT-407"]
[Site "http://www.queenalice.com/game.php?id=193542"]
[Date "2007.4.7"]
[Round "1"]
[White "paku"]
[Black "kloosterveen"]
[Result "0-1"]
[WhiteElo "1333"]
[BlackElo "1656"]

1. e4 e5 2. Nf3 Nc6 3. d4 exd4 4. Nxd4 Nge7 5. Bc4 d5 6. exd5 Ne5 7. Bb5+ Bd7 8.
O-O Nxd5 9. Re1 Bd6 10. Bf4 Nxf4 11. Nf5 Bxb5 12. Nxd6+ Qxd6 13. Nc3 Bc6 14. Ne4
Qxd1 15. Rexd1 Bxe4 16. Rd4 Ne2+ 0-1

[Event "AUTO-INT-407"]
[Site "http://www.queenalice.com/game.php?id=193543"]
[Date "2007.4.7"]
[Round "1"]
[White "kloosterveen"]
[Black "paku"]
[Result "0-1"]
[WhiteElo "1767"]
[BlackElo "1424"]

1. d4 Nf6 2. e3 Nc6 3. g3 d5 4. c4 Bg4 5. Qb3 Na5 6. Qb5+ Nc6 7. Qxb7 Bd7 8. Bg2
Rb8 9. Qa6 Rb6 10. Qa3 Nb4 11. Qc3 Bf5 12. c5 Rb5 13. Nf3 Bxb1 14. Rxb1 Nxa2 15.
Qa3 Nb4 16. Qxa7 Nd3+ 17. Ke2 Nxc1+ 18. Rhxc1 Qb8 19. Qxb8+ Rxb8 20. b4 e6 21.
b5 Nd7 22. c6 Nb6 23. Nd2 Bd6 24. Nb3 O-O 25. Nc5 Rfd8 26. Na6 Ra8 27. Ra1 e5
28. dxe5 Bxe5 29. Rab1 d4 30. exd4 Rxd4 31. Kf1 Nc4 32. Kg1 Nd2 33. Rb2 Rc4 34.
Rxc4 Nxc4 35. Rb4 Na3 36. Bf1 Nc2 37. Re4 Re8 38. Kg2 g6 39. f4 Rd8 40. Rxe5
Rd2+ 41. Kh3 Nd4 42. Nxc7 Nf3 43. Re8+ Kg7 44. Bg2 Ng1+ 45. Kg4 Rxg2 46. Re1 f5+
47. Kg5 Nf3# 0-1

[Event "Challenge"]
[Site "http://www.queenalice.com/game.php?id=194322"]
[Date "2007.4.9"]
[Round "-"]
[White "candycorn"]
[Black "paku"]
[Result "0-1"]
[WhiteElo "1270"]
[BlackElo "1445"]

1. e4 e5 2. d3 Bb4+ 3. Bd2 Bc5 4. Qh5 Nf6 5. Qxe5+ Be7 6. Bb4 d6 7. Qd4 Nc6 8.
Qe3 Nxb4 9. Na3 Ng4 10. Qe2 Ne5 11. Rc1 Nxa2 12. Ra1 Be6 13. f4 Nc6 14. Qf3 Ncb4
15. f5 Bd7 16. c3 Nc6 17. f6 Bxf6 18. h4 Bxh4+ 19. g3 Ne5 20. Qf2 Be7 21. d4 Ng4
22. Qf4 Bg5 23. Qf3 O-O 24. Qg2 Ne3 25. Qe2 Bg4 26. Qd3 Qf6 27. Be2 Ng2+ 28. Kd1
Nc1 29. Qb5 Nxe2 30. e5 Qf1+ 31. Kc2 Qxa1 32. exd6 Qc1+ 33. Kb3 Nxg3 34. Rh2
Qxg1 35. Qxg5 Qxh2 36. Qxg4 Qh4 37. Qd7 Rad8 38. Qxc7 Qg4 39. Qxb7 Qd7 40. Qxg2
Qxd6 41. c4 Qb6+ 42. Nb5 Nf5 43. c5 Qxb5+ 44. Kc2 Nxd4+ 45. Kc1 Qxc5+ 46. Kd2
Qc2+ 47. Ke3 Qxg2 0-1

[Event "Challenge"]
[Site "http://www.queenalice.com/game.php?id=194323"]
[Date "2007.4.9"]
[Round "-"]
[White "paku"]
[Black "candycorn"]
[Result "1-0"]
[WhiteElo "1382"]
[BlackElo "1164"]

1. e4 e5 2. Nf3 Nc6 3. Bc4 Nf6 4. Ng5 Qe7 5. Nxf7 Rg8 6. Nxe5 Qxe5 7. d3 Nb4 8.
Bxg8 Qd4 9. Be3 Qe5 10. Bc4 Qxb2 11. Nc3 Nxc2+ 12. Kf1 Qxc3 13. Rc1 Ba3 14. Rxc2
Qb4 15. Bd2 c6 16. Bxb4 Bxb4 17. e5 Nh5 18. Qxh5+ g6 19. Qxh7 d5 20. Qxg6+ Kd8
21. Qg8+ Kc7 22. Bb3 a5 23. e6 a4 24. e7 Ra5 25. e8=Q d4 26. Qxc8+ Kb6 27. Qgd8+
Ka6 28. Bc4+ Ka7 29. Qa8# 1-0

[Event "Challenge"]
[Site "http://www.queenalice.com/game.php?id=196466"]
[Date "2007.4.13"]
[Round "-"]
[White "paku"]
[Black "jdmacguffin"]
[Result "0-1"]
[WhiteElo "1389"]
[BlackElo "1603"]

1. e4 e5 2. Nf3 Nc6 3. c4 Bc5 4. d3 Nd4 5. Nxd4 Bxd4 6. Qg4 Qf6 7. Be3 Bxb2 8.
Na3 Bxa1 9. d4 d6 10. Qd1 Bxd4 11. Bxd4 exd4 12. Nc2 Nh6 13. Nxd4 Ng4 14. Nf3
O-O 15. c5 Re8 16. Bd3 dxc5 17. O-O b6 18. Qa4 Be6 19. Bb5 Red8 20. Bc6 Bd7 21.
Bxd7 Nxh2 22. Nxh2 Qd6 23. Bc6 Rab8 24. e5 Qe6 25. Qe4 Rd4 26. Qf3 Rbd8 27. Ba4
Rxa4 28. Rd1 Rad4 29. Re1 Qxa2 30. Ng4 Qd5 31. Nf6+ gxf6 32. Qxf6 Rd1 33. Qg5+
Kf8 34. Qh6+ Ke8 35. Qe3 Rxe1+ 36. Qxe1 Qd1 37. Qxd1 Rxd1+ 38. Kh2 a5 0-1

[Event "Challenge"]
[Site "http://www.queenalice.com/game.php?id=196473"]
[Date "2007.4.13"]
[Round "-"]
[White "paku"]
[Black "jdmacguffin"]
[Result "0-1"]
[WhiteElo "1327"]
[BlackElo "1628"]

1. e4 e5 2. b3 Nc6 3. Nf3 Nf6 4. Bb2 Nxe4 5. Nxe5 Nxe5 6. Bxe5 Nf6 7. Bc4 Qe7 8.
Qe2 Ng4 9. Qxg4 Qxe5+ 10. Qe2 Bd6 11. O-O O-O 12. Nc3 Re8 13. Rae1 Qxh2# 0-1

[Event "Challenge"]
[Site "http://www.queenalice.com/game.php?id=196474"]
[Date "2007.4.13"]
[Round "-"]
[White "Random314"]
[Black "paku"]
[Result "0-1"]
[WhiteElo "1514"]
[BlackElo "1360"]

1. e4 e5 2. Bc4 Nf6 3. d3 d5 4. Bxd5 Nxd5 5. exd5 Qxd5 6. Nc3 Qxg2 7. f3 Qxh1 8.
Be3 Qxh2 9. Qe2 Qh4+ 10. Bf2 Qd8 11. O-O-O Nc6 12. f4 Bd6 13. Nf3 O-O 14. f5 Nd4
15. Nxd4 exd4 16. Bxd4 Bf4+ 17. Kb1 Qxd4 18. Nb5 Qc5 19. c4 Bxf5 20. a3 Rae8 21.
Qh5 Qe3 22. Qxf5 Bh6 23. Nxc7 Re5 24. Qd7 Qe2 25. Rh1 Rfe8 26. Nxe8 Rxe8 27.
Qxb7 Qxd3+ 28. Ka1 Qxc4 29. Qxa7 g6 30. Qf2 Rb8 31. Rxh6 Qc1+ 32. Ka2 Qxh6 33.
Qg3 Rb7 34. Qc3 Qg5 35. Qc8+ Kg7 36. Qxb7 h5 37. b4 h4 38. b5 h3 39. b6 Qd2+ 40.
Kb3 Qd1+ 41. Ka2 h2 42. a4 h1=Q 43. Qc7 Qa1+ 44. Kb3 Qhd1+ 45. Kb4 Qdxa4+ 46.
Kc5 Q1d4# 0-1

[Event "Challenge"]
[Site "http://www.queenalice.com/game.php?id=201994"]
[Date "2007.4.25"]
[Round "-"]
[White "bonzinho"]
[Black "paku"]
[Result "0-1"]
[WhiteElo "1324"]
[BlackElo "1454"]

1. e4 e5 2. d4 exd4 3. Qxd4 Nc6 4. Qc4 Nf6 5. Be3 a5 6. a4 Nb4 7. Nf3 Be7 8. e5
Nfd5 9. Bd4 d6 10. Na3 Nb6 11. Qc3 N6d5 12. Qd2 O-O 13. Bc4 c5 14. Be3 Nxe3 15.
fxe3 d5 16. Bb5 Bd7 17. c3 Bxb5 18. axb5 d4 19. cxd4 cxd4 20. Nxd4 Qd5 21. O-O
Qxe5 22. Rf5 Qe4 23. Nc4 Rac8 24. Re5 Qd3 25. Qc1 Bf6 26. Rf5 Rxc4 27. Qd1 Qxe3+
28. Rf2 Rxd4 29. Qe2 Re8 30. Qxe3 Rxe3 31. Rc1 Rde4 32. Rc8+ Re8 33. Rc7 Bd4 34.
Kf1 Re1# 0-1

[Event "Loser Rematches.."]
[Site "http://www.queenalice.com/game.php?id=202964"]
[Date "2007.4.27"]
[Round "-"]
[White "jdmacguffin"]
[Black "paku"]
[Result "1-0"]
[WhiteElo "1635"]
[BlackElo "1454"]

1. e4 e5 2. Nf3 Nc6 3. d4 Nf6 4. dxe5 Nxe4 5. Bc4 Bc5 6. O-O O-O 7. Qd5 Qe7 8.
Qxe4 Na5 9. Na3 Nxc4 10. Nxc4 b5 11. Na3 Ba6 12. c3 b4 13. cxb4 Bxf1 14. bxc5
Ba6 15. Bd2 Qxc5 16. Bb4 Qb5 17. Bxf8 Qxb2 18. Rb1 Qxa2 19. h3 Rxf8 20. Ng5 Qxa3
21. Qxh7# 1-0

[Event "*sigh*"]
[Site "http://www.queenalice.com/game.php?id=207755"]
[Date "2007.5.8"]
[Round "-"]
[White "jdmacguffin"]
[Black "paku"]
[Result "1-0"]
[WhiteElo "1629"]
[BlackElo "1465"]

1. e4 e5 2. Nf3 d6 3. d4 exd4 4. Nxd4 Nf6 5. Nc3 c5 6. Nf3 Nc6 7. Bb5 Bd7 8. Bf4
Qe7 9. O-O Nxe4 10. Re1 Qf6 11. Rxe4+ Be7 12. Bxd6 O-O 13. Bxe7 Nxe7 14. Qxd7
Rfd8 15. Qxe7 Qxe7 16. Rxe7 a6 17. Bc4 Re8 18. Rxf7 Rf8 19. Rxb7+ Kh8 20. Bd5 a5
21. Re1 Rae8 22. Rxe8 Rxe8 23. Ne4 h5 24. Nfg5 Rd8 25. Nf7+ Kh7 26. Nxd8 1-0

[Event "Challenge"]
[Site "http://www.queenalice.com/game.php?id=208593"]
[Date "2007.5.9"]
[Round "-"]
[White "eduardofelix"]
[Black "paku"]
[Result "1-0"]
[WhiteElo "1396"]
[BlackElo "1482"]

1. e4 e5 2. Bc4 Nf6 3. Nc3 Nc6 4. h3 Na5 5. Bd3 d5 6. Qf3 Nc4 7. exd5 Bd6 8.
Bxc4 O-O 9. Ne4 Nxe4 10. Qxe4 Qf6 11. Qf3 Bf5 12. Bd3 Rae8 13. Bxf5 e4 14. Bxe4
Qe5 15. d3 c6 16. dxc6 bxc6 17. Bf4 Qxb2 18. Rd1 Qc3+ 19. Rd2 Bb4 20. Qd1 Qb2
21. Bd6 Bxd6 22. Kf1 Bc5 23. Bxc6 Rc8 24. c4 Qf6 25. Be4 Rcd8 26. Qh5 Qf4 27.
Qxh7# 1-0

[Event "Challenge"]
[Site "http://www.queenalice.com/game.php?id=209700"]
[Date "2007.5.12"]
[Round "-"]
[White "Leofelix"]
[Black "paku"]
[Result "1-0"]
[WhiteElo "1506"]
[BlackElo "1456"]

1. d4 d5 2. Nf3 Nc6 3. Nc3 Nf6 4. Bf4 Bf5 5. Nb5 Nb4 6. Nxc7+ Kd7 7. Ng5 Qxc7 8.
Bxc7 Kxc7 9. Rc1 Rc8 10. Nxf7 Rg8 11. c4 Nc2+ 12. Rxc2 Bxc2 13. Qxc2 dxc4 14.
Qxc4+ Kb8 15. Qe6 1-0